| 000 | 01021nam a2200265Ia 4500 | ||
|---|---|---|---|
| 999 |
_c29056 _d29056 |
||
| 003 | GCL | ||
| 005 | 20240530101950.0 | ||
| 008 | 140319s9999 xx 000 0 ara d | ||
| 040 |
_aGCL / _cGCL |
||
| 082 | 0 | 4 |
_a953 _bهـ د |
| 110 | 1 | _aالهيئة المصرية العامة للكتاب | |
| 245 | 1 | 0 |
_aدراسات فى الحضارة الاسلامية / _cالهيئة المصرية العامة للكتاب |
| 250 | _aط1 | ||
| 260 |
_aالقاهرة : _bالهيئة المصرية العامة للكتاب ، _c1985 |
||
| 300 |
_aمتعدد ؛ _c24 سم |
||
| 650 | 0 | 4 | _aالحضارة العربية الاسلامية - المعارف البحرية |
| 650 | 0 | 4 | _aالاقتصاد الاسلامى |
| 650 | 0 | 4 | _aالثقافة الاسلامية |
| 650 | 0 | 4 | _aالتاريخ الاسلامى |
| 650 | 0 | 4 | _aالعمارة الاسلامية |
| 650 | 0 | 4 | _aالحضارة الاسلامية |
| 650 | 0 | 4 | _aالتمدن الاسلامى |
| 650 | 0 | 4 | _aالفن الاسلامى |
| 942 |
_2ddc _cBK |
||